Giáo trình lý thuyết tài chính - tiền tệ

“Giáo trình lý thuyết tài chính tiền tệ” sẽ cung cấp cho bạn các kiến thức chung, các chế độ và cung cầu về tiền tệ hay vấn đề lạm phát, tài chính - hệ thống tài chính, thị trường tài chính, tín dụng – ngân hàng và chính sách tài chính q...

全面介绍

Đã lưu trong:
书目详细资料
主要作者: Lê, Văn Tề
格式: 图书
语言:Undetermined
出版: Tp. Hồ Chí Minh Thống kê 2005
主题:
标签: 添加标签
没有标签, 成为第一个标记此记录!
Thư viện lưu trữ: Trung tâm Học liệu Trường Đại học Cần Thơ
LEADER 01386nam a2200205Ia 4500
001 CTU_91671
008 210402s9999 xx 000 0 und d
020 |c 38000 
082 |a 332.4 
082 |b T250 
100 |a Lê, Văn Tề 
245 0 |a Giáo trình lý thuyết tài chính - tiền tệ 
245 0 |c Lê Văn Tề, Nguyễn Văn Hà 
260 |a Tp. Hồ Chí Minh 
260 |b Thống kê 
260 |c 2005 
520 |a “Giáo trình lý thuyết tài chính tiền tệ” sẽ cung cấp cho bạn các kiến thức chung, các chế độ và cung cầu về tiền tệ hay vấn đề lạm phát, tài chính - hệ thống tài chính, thị trường tài chính, tín dụng – ngân hàng và chính sách tài chính quốc gia. Nội dung kiến thức được chia làm 7 chương, trong đó, các tác giả đã cố gắng chuyển đổi những nội dung quan trọng thành câu hỏi trắc nghiệm và giới thiệu một số bài tập, đáp án của môn Lý thuyết Tài chính Tiền tệ để đáp ứng với xu hướng giáo dục hiện nay. 
650 |a Budget,Finance money 
904 |i Mai Loan 
980 |a Trung tâm Học liệu Trường Đại học Cần Thơ